| 000 | 00557nam a2200229Ia 4500 | ||
|---|---|---|---|
| 003 | OSt | ||
| 005 | 20221005123137.0 | ||
| 006 | a|||||r|||| 00| 0 | ||
| 007 | ta | ||
| 008 | 221004b |||||||| |||| 00| 0 kan d | ||
| 024 | _a61937 | ||
| 037 | _cTextual | ||
| 040 |
_aCRL _cCRL _bkan |
||
| 041 |
_2kan _akan |
||
| 082 | _aY:60aQ, 33K2 | ||
| 100 |
_aSnider Au. _9633211 |
||
| 245 | 0 | _aKrantikar vyadui dharma | |
| 260 | _c1962 | ||
| 650 | _aSOCIOLOGY | ||
| 942 |
_hY:60aQ, 33K2 _cTEXL _2cc |
||
| 999 |
_c1046519 _d1046519 |
||